[Event "Tarbes"]
[Site "?"]
[Date "2003.??.??"]
[Round "3"]
[White "Hostekind, Laurent"]
[Black "Francois, Ginaud"]
[Result "1-0"]
[WhiteElo "1990"]
[BlackElo "1740"]
[PlyCount "71"]

1.Nf3 d6 2.c4 Nf6 3.g3 g6 4.b3 Bg7 5.Bb2 O-O 6.Bg2 c5 7.O-O Nc6 8.d4 cxd4 
9.Nxd4 Nxd4 10.Bxd4 Nh5 11.Na3 a6 12.Nc2 Qc7 13.e3 Bd7 14.Nb4 e6 15.Bxg7 
Nxg7 16.Qf3 Rab8 17.Rfd1 a5 18.Nc2 d5 19.Rac1 dxc4 20.Na3 c3 21.Qf6 Rfc8 
22.Nc4 Ne8 23.Qd4 Rd8 24.Qxc3 a4 25.Ne5 Qxc3 26.Rxc3 Bb5 27.Rxd8 Rxd8 28.
Bxb7 Rd1+ 29.Kg2 Nd6 30.Bc6 Bf1+ 31.Kf3 Kg7 32.Bxa4 f5 33.Rc7+ Kh6 34.Rd7 
Kh5 35.h4 Nf7 36.Rxf7 1-0

[Event "NII"]
[Site "?"]
[Date "2003.??.??"]
[Round "?"]
[White "Delpech"]
[Black "Hawkes"]
[Result "1-0"]
[WhiteElo "2110"]
[BlackElo "2050"]
[EventDate "2003.??.??"]
[PlyCount "71"]

1.e4 e6 2.d4 c5 3.Nf3 a6 4.Be2 cxd4 5.Nxd4 Qc7 6.O-O Nf6 7.Bf3 Nc6 8.Nxc6 
dxc6 9.Qe2 e5 10.c4 Be6 11.Be3 Nd7 12.Nc3 Bb4 13.Rac1 Bxc3 14.Rxc3 c5 15.
a3 O-O 16.Bg4 a5 17.Bxe6 fxe6 18.Rd1 Nf6 19.f3 Rfd8 20.Rcd3 Rd4 21.Bxd4 
exd4 22.e5 Nd7 23.f4 Rf8 24.Rf3 a4 25.Re1 g6 26.g4 Qc6 27.Rf2 b5 28.f5 
bxc4 29.Qxc4 Nb6 30.Qf1 exf5 31.gxf5 gxf5 32.e6 Qe8 33.e7 Rf6 34.Rg2+ Kh8 
35.Qf4 Nd7 36.Qc7 1-0

[Event "2e Open de Condom"]
[Site "?"]
[Date "2003.??.??"]
[Round "5"]
[White "Cotonnec, Antoine"]
[Black "Moreau, Philippe"]
[Result "1-0"]
[WhiteElo "2117"]
[BlackElo "1590"]
[EventDate "2003.??.??"]
[PlyCount "71"]

1.d4 g6 2.c4 Bg7 3.Nc3 Nf6 4.e4 d6 5.f3 Nbd7 6.Nh3 c5 7.d5 O-O 8.Be3 a6 9.
Qd2 Re8 10.Bh6 Bh8 11.Be2 Nb6 12.Nf2 e5 13.g4 Re7 14.h4 Qe8 15.Nfd1 Bd7 
16.Ne3 Nc8 17.h5 Qd8 18.Bd3 Na7 19.Nf5 Bxf5 20.gxf5 b5 21.hxg6 fxg6 22.
fxg6 hxg6 23.O-O-O bxc4 24.Bf1 Nb5 25.Bg5 Nxc3 26.Rxh8+ Kxh8 27.Bxf6+ Kg8 
28.bxc3 Qa5 29.Qh6 Qa3+ 30.Kd2 Rh7 31.Qxg6+ Kf8 32.Qxh7 Qb2+ 33.Ke1 Qxc3+ 
34.Rd2 Qe3+ 35.Re2 Qc3+ 36.Kf2 1-0

[Event "N3"]
[Site "?"]
[Date "2003.??.??"]
[Round "8"]
[White "Hutin, Christophe"]
[Black "Marty, Damien"]
[Result "1-0"]
[WhiteElo "2107"]
[BlackElo "2020"]
[EventDate "2003.??.??"]
[Annotator "CEIT/Cahors"]
[PlyCount "45"]

1.e4 d5 2.exd5 Qxd5 3.Nc3 Qa5 4.d4 Nf6 5.Nf3 Bg4 6.h3 Bxf3 7.Qxf3 c6 8.Bc4
e6 9.Bd2 Qc7 10.O-O-O Nbd7 11.Rhe1 Be7 12.Bf4 Qb6 13.g4 Rc8 14.Bb3 O-O 15.
g5 Nd5 16.Bxd5 Qa5 17.Be4 Bxg5 18.Bxh7+ Kh8 19.Be4 Bf6 20.Be5 Bg5+ 21.Kb1 
f6 22.Qh5+ Bh6 23.Qg6 1-0

[Event "Tarbes"]
[Site "?"]
[Date "2003.??.??"]
[Round "3"]
[White "Pastorelli, Loic"]
[Black "Perrodo, Eric"]
[Result "1-0"]
[WhiteElo "1780"]
[BlackElo "1920"]
[PlyCount "89"]

1.Nf3 d5 2.c4 c6 3.e3 Nf6 4.b3 Bg4 5.Be2 Nbd7 6.Bb2 e6 7.O-O Bd6 8.h3 Bh5 
9.Nd4 Bxe2 10.Qxe2 O-O 11.d3 Qe7 12.Nd2 Ba3 13.Bc3 Bb4 14.Bxb4 Qxb4 15.a3 
Qe7 16.b4 dxc4 17.Nxc4 Nd5 18.Qd2 Rfd8 19.Nf3 e5 20.Qb2 Re8 21.Rfe1 N5b6 
22.Na5 Rab8 23.Nd2 Qh4 24.Ne4 Re6 25.Qe2 Rg6 26.Ng3 Nd5 27.Qh5 Qxh5 28.
Nxh5 Rg5 29.Ng3 Rg6 30.Rac1 Ne7 31.Ne4 f5 32.Nd2 Nd5 33.Nf3 f4 34.e4 Nc7 
35.d4 exd4 36.Nxd4 Ne5 37.Rc3 Rd8 38.Nf3 Nxf3+ 39.Rxf3 b6 40.Nc4 Ne6 41.
Ne5 Ng5 42.Rc3 Re6 43.Nxc6 Rxe4 44.Rxe4 Rd1+ 45.Kh2 1-0

[Event "2e Open Condom"]
[Site "?"]
[Date "2003.??.??"]
[Round "2.43"]
[White "Fougerit, Valentin"]
[Black "Christiaens, Mark"]
[Result "0-1"]
[WhiteElo "2058"]
[BlackElo "1769"]
[EventDate "2003.??.??"]
[PlyCount "30"]

1.e4 e5 2.Nc3 Nf6 3.g3 Bc5 4.Bg2 d6 5.Nge2 Bg4 6.O-O Nc6 7.Kh1 h5 8.f3 Be6
9.Na4 h4 10.Nxc5 dxc5 11.Rf2 hxg3 12.Nxg3 Nh5 13.Ne2 Qh4 14.Qg1 Nd4 15.Bf1
Nxe2 0-1

[Event "Tarbes"]
[Site "?"]
[Date "2003.??.??"]
[Round "1"]
[White "Scozzesi, Francois"]
[Black "Dargagnon, Remi"]
[Result "0-1"]
[WhiteElo "1820"]
[BlackElo "2125"]
[PlyCount "62"]

1.e4 d6 2.c4 g6 3.Nf3 Nc6 4.d4 Bg4 5.Be2 Nf6 6.Nc3 Bg7 7.Be3 O-O 8.Ng1 
Bxe2 9.Ngxe2 Ng4 10.Bg5 h6 11.Bc1 e5 12.d5 Nd4 13.Nxd4 exd4 14.Nb5 f5 15.
Nxd4 Qf6 16.Ne6 fxe4 17.Bf4 Qxb2 18.O-O Nxf2 19.Qb1 Qxa1 20.Qxa1 Bxa1 21.
Rxa1 g5 22.Be3 Ng4 23.Bd4 Rf5 24.Rb1 c5 25.Bc3 b6 26.a4 Rb8 27.a5 Ne3 28.
h3 Nxc4 29.Ng7 Rf7 30.Ne6 b5 31.Bg7 Rxg7 0-1

[Event "Tarbes"]
[Site "?"]
[Date "2003.??.??"]
[Round "?"]
[White "Smyrek, Ingo"]
[Black "Rundstrom, Douglas"]
[Result "1-0"]
[WhiteElo "2020"]
[BlackElo "2030"]
[PlyCount "72"]

1.d4 Nf6 2.c4 e6 3.Nc3 Bb4 4.Bd2 O-O 5.Nf3 b6 6.e3 Bb7 7.Be2 d5 8.O-O Nbd7
9.Rc1 Rc8 10.Nxd5 Nxd5 11.cxd5 Bxd2 12.Qxd2 exd5 13.Rfd1 c5 14.dxc5 Nxc5 
15.Nd4 Qf6 16.Bf3 Ne4 17.Qd3 g6 18.h3 Qh4 19.Qe2 Qe7 20.Qd3 f5 21.a3 Qe5 
22.Qb5 Nc5 23.Rc3 Rf6 24.Rdc1 Rb8 25.Qe2 Ba6 26.Qd1 Ne4 27.R3c2 Bb7 28.Rc7
Nc5 29.Nb5 a6 30.Rxb7 Nxb7 31.Bxd5+ Kg7 32.Rc7+ Kh6 33.Bxb7 axb5 34.Qd7 
Rh8 35.Qg7+ Kh5 36.Bf3+ Kh4 1-0

[Event "Tarbes"]
[Site "?"]
[Date "2003.??.??"]
[Round "?"]
[White "Renaux, Osmin"]
[Black "Tanguy, Fabien"]
[Result "0-1"]
[WhiteElo "1780"]
[BlackElo "2083"]
[PlyCount "40"]

1.d4 d5 2.c4 e6 3.Nc3 Nf6 4.Bg5 Nbd7 5.Nf3 Be7 6.e3 O-O 7.Qc2 c5 8.Bd3 
dxc4 9.Bxc4 a6 10.dxc5 Nxc5 11.O-O b5 12.Be2 Bb7 13.Rfd1 Qc8 14.Rac1 Rd8 
15.Rxd8+ Qxd8 16.Bxf6 Bxf6 17.Nxb5 axb5 18.Qxc5 Rc8 19.Qxb5 Rxc1+ 20.Bf1 
Qc8 0-1

[Event "Tarbes"]
[Site "?"]
[Date "2003.??.??"]
[Round "?"]
[White "Martinet"]
[Black "Aout, Sebastien"]
[Result "0-1"]
[WhiteElo "2080"]
[BlackElo "2096"]
[PlyCount "50"]

1.d4 d5 2.c4 dxc4 3.Nf3 e6 4.e4 a6 5.Bxc4 c5 6.O-O cxd4 7.Nxd4 Nc6 8.Be3 
Nf6 9.Nc3 Bb4 10.Qa4 Bxc3 11.bxc3 O-O 12.Nxc6 bxc6 13.Rfd1 Qe7 14.f3 Bd7 
15.Qa5 Rfb8 16.Bc5 Qe8 17.Rd2 Qc8 18.Rad1 Qb7 19.g4 Be8 20.Bd4 h6 21.g5 c5
22.Bxf6 gxf6 23.gxf6 Bb5 24.Rd8+ Kh7 25.Bb3 Kg6 {Les noirs gagnent. 
Comment? Feuilles incompletes.} 0-1

[Event "Tarbes"]
[Site "?"]
[Date "2003.??.??"]
[Round "?"]
[White "Janotta"]
[Black "Sakri, Abdelhak"]
[Result "1-0"]
[WhiteElo "2134"]
[BlackElo "2020"]
[PlyCount "61"]

1.e4 c6 2.d4 d5 3.exd5 cxd5 4.c4 Nf6 5.Nc3 e6 6.Nf3 Nc6 7.cxd5 Nxd5 8.Bd3 
Bb4 9.Bd2 Nf6 10.O-O O-O 11.Bg5 Be7 12.Re1 Nb4 13.Bb1 b6 14.a3 Nbd5 15.Qd3
g6 16.h4 Re8 17.Bc2 Ng4 18.Bxe7 Rxe7 19.Nxd5 Qxd5 20.Bb3 Qd6 21.Qe4 Nxf2 
22.Kxf2 Bb7 23.Qe5 Qc6 24.Rac1 Qe8 25.Rc3 Rd7 26.Ba4 Rad8 27.Bxd7 Qxd7 28.
Rc7 Qa4 29.Rxf7 Kxf7 30.Ng5+ Kg8 31.Qxe6+ 1-0

[Event "Tarbes"]
[Site "?"]
[Date "2003.??.??"]
[Round "?"]
[White "François, Ginaud"]
[Black "Kodjabachian, Julien"]
[Result "1-0"]
[WhiteElo "1740"]
[BlackElo "2045"]
[PlyCount "47"]

1.c4 Nf6 2.Nc3 g6 3.d4 Bg7 4.Nf3 d6 5.Bg5 Nbd7 6.e3 c5 7.Be2 Qa5 8.O-O h6 
9.Bh4 g5 10.Bg3 h5 11.Nxg5 cxd4 12.Nce4 h4 13.Bf4 e5 14.Nxd6+ Ke7 15.b4 
Qxb4 16.Nf5+ Kf8 17.Rb1 Qa5 18.Rb5 Qc7 19.Qb3 exf4 20.Qb4+ Kg8 21.Ne7+ Kf8
22.Nxc8+ Kg8 23.Ne7+ Kf8 24.Nd5+ 1-0

[Event "Tarbes"]
[Site "?"]
[Date "2003.??.??"]
[Round "?"]
[White "Dufeal, Julien"]
[Black "Lecoq"]
[Result "1-0"]
[WhiteElo "2141"]
[BlackElo "204"]
[PlyCount "64"]

1.d4 Nf6 2.c4 c5 3.d5 e6 4.Nc3 exd5 5.cxd5 d6 6.e4 g6 7.Bd3 Bg7 8.Nge2 O-O
9.O-O Re8 10.h3 a6 11.a4 Nbd7 12.Bg5 Qc7 13.b3 Rb8 14.Kh1 Ne5 15.f4 Nxd3 
16.Qxd3 Bd7 17.Ng3 b5 18.e5 dxe5 19.d6 Qb7 20.Bxf6 Bxf6 21.Nd5 Bg7 22.Ne7+
Kh8 23.f5 Bc6 24.Nxc6 Qxc6 25.fxg6 fxg6 26.axb5 Rxb5 27.Ne4 Rb4 28.Ng5 e4 
29.Qxa6 Qd7 30.Rf7 Qd8 31.Qc6 Rb6 32.Qxc5 Rxd6 1-0

[Event "Tarbes"]
[Site "?"]
[Date "2003.??.??"]
[Round "?"]
[White "Dargagnon"]
[Black "Hoqtzkind"]
[Result "1-0"]
[WhiteElo "2125"]
[BlackElo "1990"]
[PlyCount "69"]

1.e4 d5 2.Nc3 dxe4 3.Nxe4 Bf5 4.Ng3 Bg6 5.d4 Nc6 6.Nf3 Nb4 7.Bb5+ c6 8.Ba4
Qa5 9.c3 Nd3+ 10.Kf1 Nxc1 11.Rxc1 Bd3+ 12.Kg1 Bb5 13.Bb3 e6 14.Ne5 Nf6 15.
c4 Ba6 16.Nh5 Be7 17.Nxg7+ Kf8 18.Nh5 Rg8 19.Qf3 Qd8 20.g3 Rg5 21.Nxf6 
Bxf6 22.Qe3 Rg7 23.Kg2 h5 24.Rhe1 h4 25.Rcd1 b6 26.Nxc6 Bb7 27.d5 Qc7 28.
Ne5 hxg3 29.hxg3 Rd8 30.Kf1 exd5 31.cxd5 Ba6+ 32.Kg2 Bb7 33.Qh6 Bxe5 34.
Qh8+ Ke7 35.Qxg7 1-0

[Event "Tarbes"]
[Site "?"]
[Date "2003.??.??"]
[Round "?"]
[White "Daloz"]
[Black "Jossien"]
[Result "0-1"]
[WhiteElo "2183"]
[BlackElo "218"]
[PlyCount "80"]

1.d4 d5 2.c4 e5 3.dxe5 d4 4.Nf3 Nc6 5.g3 Bg4 6.Bg2 Qd7 7.O-O O-O-O 8.Nbd2 
h5 9.Qa4 Kb8 10.b4 Nxb4 11.Qxd7 Rxd7 12.e6 Bxe6 13.Ne5 Rd8 14.Rb1 Bd6 15.
Nd3 Bf5 16.Ne4 Nxd3 17.Nxd6 Rxd6 18.Rxb7+ Kc8 19.exd3 Bxd3 20.Re1 Bxc4 21.
Bf4 Bd5 22.Bxd5 Rxd5 23.Rxc7+ Kd8 24.Rb1 Ke8 25.Rxa7 Ne7 26.Ra8+ Rd8 27.
Rbb8 Kd7 28.Ra7+ Ke8 29.Rbb7 Nc6 30.Ra6 Ne7 31.Raa7 Nc8 32.Ra8 d3 33.Bd2 
Nd6 34.Rxd8+ Kxd8 35.Rb8+ Nc8 36.f3 Re8 37.Ba5+ Kd7 38.Rb7+ Kc6 39.Rb2 Nd6
40.Rd2 Nc4 0-1

[Event "Tarbes"]
[Site "?"]
[Date "2003.??.??"]
[Round "?"]
[White "Bodlet, Frederic"]
[Black "Regnier"]
[Result "1-0"]
[WhiteElo "1950"]
[BlackElo "2050"]
[PlyCount "71"]

1.e4 c5 2.Nf3 e6 3.d3 Nc6 4.Nbd2 g6 5.g3 Bg7 6.Bg2 d6 7.O-O Nge7 8.Re1 O-O
9.c3 Rb8 10.h4 b5 11.Nf1 b4 12.d4 bxc3 13.bxc3 cxd4 14.cxd4 Qb6 15.e5 dxe5
16.dxe5 Rd8 17.Qa4 Bd7 18.Qg4 Qc7 19.Bf4 Nd5 20.h5 Nxf4 21.gxf4 Rb4 22.
hxg6 hxg6 23.N1h2 Nd4 24.Qg5 Nxf3+ 25.Bxf3 Rdb8 26.Ng4 Qc4 27.Re4 Rb1+ 28.
Rxb1 Rxb1+ 29.Kg2 Qd3 30.Re3 Qd4 31.Qd8+ Kh7 32.Be4 Rh1 33.Kxh1 Qd1+ 34.
Kh2 Qxg4 35.Rh3+ Bh6 36.Rxh6+ 1-0

[Event "Tarbes"]
[Site "?"]
[Date "2003.??.??"]
[Round "?"]
[White "Sakri, Abdelhak"]
[Black "Marciano"]
[Result "0-1"]
[WhiteElo "2020"]
[BlackElo "2502"]
[PlyCount "84"]

1.d4 Nf6 2.Nf3 d5 3.Bf4 c5 4.c3 Nc6 5.e3 Qb6 6.Qc2 Bf5 7.dxc5 Bxc2 8.cxb6 
axb6 9.Na3 Be4 10.Nb5 Kd7 11.Nbd4 Bxf3 12.Nxf3 Nh5 13.Ne5+ Ke6 14.Nd3 Nxf4
15.Nxf4+ Ke5 16.Bd3 e6 17.O-O f5 18.a3 g6 19.Rac1 Bh6 20.Ne2 Kf6 21.Rc2 e5
22.Bb5 Rhd8 23.Rd1 Rd6 24.c4 d4 25.c5 bxc5 26.Rxc5 Rad8 27.exd4 Nxd4 28.
Nxd4 Rxd4 29.Rxd4 Rxd4 30.Rc2 Rd1+ 31.Bf1 e4 32.g3 g5 33.Rc7 g4 34.Rxh7 
Bg7 35.h3 Kg6 36.Rh4 Bf6 37.hxg4 Bxh4 38.gxf5+ Kxf5 39.gxh4 Kg4 40.Kg2 Rd2
41.b3 e3 42.Bd3 Rxf2+ 0-1

[Event "2e Open Condom"]
[Site "?"]
[Date "2003.??.??"]
[Round "4.46"]
[White "Canivet, Christophe"]
[Black "Decoster, Frederic"]
[Result "0-1"]
[WhiteElo "1790"]
[BlackElo "2115"]
[EventDate "2003.??.??"]
[PlyCount "34"]

1.e4 c5 2.Nf3 d6 3.d4 cxd4 4.Nxd4 Nf6 5.Nc3 g6 6.Bd3 Nc6 7.Nxc6 bxc6 8.O-O
Bg7 9.f4 O-O 10.h3 d5 11.e5 Nd7 12.Qe2 e6 13.g4 Bb7 14.b3 c5 15.Qf2 f6 16.
exf6 Bxf6 17.Bb2 Bd4 0-1

[Event "Tarbes"]
[Site "?"]
[Date "2003.??.??"]
[Round "?"]
[White "Regnier"]
[Black "Lassabe"]
[Result "1-0"]
[WhiteElo "2050"]
[BlackElo "1820"]
[PlyCount "55"]

1.e4 c5 2.Nf3 d6 3.d4 cxd4 4.Nxd4 Nf6 5.Nc3 a6 6.Be2 e5 7.Nf3 Be7 8.O-O b5
9.a3 Bb7 10.Bd3 O-O 11.h3 Nbd7 12.Qe2 Rc8 13.Bg5 d5 14.Bxf6 Bxf6 15.exd5 
e4 16.Nxe4 Bxb2 17.Ra2 Bf6 18.c4 Re8 19.Nfd2 Nc5 20.Qf3 Nxd3 21.Nxf6+ Qxf6
22.Qxd3 bxc4 23.Nxc4 Red8 24.Ne3 Bxd5 25.Nxd5 Qd6 26.Rd2 Qe5 27.Rfd1 Rc5 
28.Ne7+ 1-0

[Event "Tarbes"]
[Site "?"]
[Date "2003.??.??"]
[Round "?"]
[White "Pastorelli, Loic"]
[Black "Darrigues, Alain"]
[Result "0-1"]
[WhiteElo "1780"]
[BlackElo "206"]
[PlyCount "94"]

1.Nf3 c5 2.c4 Nc6 3.b3 Nf6 4.Bb2 g6 5.d4 cxd4 6.Nxd4 Bg7 7.Nxc6 bxc6 8.g3 
O-O 9.Bg2 Rb8 10.O-O Qa5 11.Bc3 Qh5 12.Nd2 Ng4 13.h3 Bxc3 14.hxg4 Qa5 15.
b4 Rxb4 16.Nb3 Qa3 17.Rc1 Bb2 18.Rc2 Qxa2 19.Nc1 Qa3 20.Nd3 Rb6 21.c5 Rb5 
22.Qd2 Bg7 23.Ra2 Qc3 24.Qe3 Bd4 25.Qxe7 Bxc5 26.Nxc5 Qxc5 27.Qf6 a5 28.
Be4 Qe5 29.Qf3 Ba6 30.Rfa1 Rb4 31.Bd3 Bxd3 32.Qxd3 Rd4 33.Rxa5 Qd6 34.Qf3 
Rd1+ 35.Rxd1 Qxd1+ 36.Kg2 Re8 37.Ra2 Qd5 38.Qxd5 cxd5 39.Rd2 Re5 40.f4 Re7
41.Kf3 Kf8 42.Rxd5 Ke8 43.e4 Re6 44.f5 Ra6 45.Kf4 Ke7 46.g5 d6 47.f6+ Ke6 
0-1

[Event "Tarbes"]
[Site "?"]
[Date "2003.??.??"]
[Round "?"]
[White "Lazarev"]
[Black "Juglard, Eric"]
[Result "1/2-1/2"]
[WhiteElo "2517"]
[BlackElo "218"]
[PlyCount "95"]

1.d4 Nf6 2.c4 c5 3.d5 b5 4.cxb5 a6 5.bxa6 Bxa6 6.g3 d6 7.Bg2 g6 8.b3 Bg7 
9.Bb2 O-O 10.Nh3 Nbd7 11.O-O Qb6 12.Bc3 Ra7 13.Re1 Rfa8 14.Nd2 Bb7 15.Nc4 
Qc7 16.a4 Nb6 17.Nxb6 Qxb6 18.Rb1 Bc8 19.e4 Qc7 20.e5 Ne8 21.exd6 Qxd6 22.
Bxg7 Kxg7 23.Rc1 Bxh3 24.Bxh3 Nf6 25.Bg2 Rd8 26.Qc2 Rb8 27.Red1 Rc7 28.Rd3
h5 29.h3 Nd7 30.Qc3+ Kh7 31.Qc2 Nf6 32.Qd2 Rcb7 33.Qe3 Rc7 34.Bf3 Rb4 35.
Rc4 Rb8 36.Kg2 Rd8 37.Rcc3 Nd7 38.Rd1 Ne5 39.Be2 Rb8 40.Bb5 e6 41.f4 Nd7 
42.Qf3 e5 43.f5 Nf6 44.fxg6+ fxg6 45.Bc4 Rf8 46.Qe2 Rcf7 47.Rf3 e4 48.Rff1
1/2-1/2

[Event "Tarbes"]
[Site "?"]
[Date "2003.??.??"]
[Round "?"]
[White "Kodjanbachian"]
[Black "Safranska, Anda"]
[Result "0-1"]
[WhiteElo "2045"]
[BlackElo "2337"]
[PlyCount "67"]

1.e4 g6 2.d4 Bg7 3.Nf3 d6 4.Nc3 c6 5.Be3 b5 6.a3 a6 7.Qd2 Nd7 8.Be2 Bb7 9.
O-O Qc7 10.h3 e5 11.dxe5 dxe5 12.Rad1 Ngf6 13.Qd6 Qxd6 14.Rxd6 Bf8 15.Rd2 
h6 16.Rfd1 Be7 17.Nh2 a5 18.Nxb5 cxb5 19.Bxb5 Bxe4 20.Ng4 Nxg4 21.hxg4 Rb8
22.Bxd7+ Kf8 23.c4 Kg7 24.f3 Rb3 25.Kf2 Ba8 26.Ba4 Bh4+ 27.Ke2 Rbb8 28.Bb5
Bf6 29.Rd7 e4 30.Bd4 exf3+ 31.gxf3 h5 32.g5 Rhe8+ 33.Kf2 Bxd4+ 34.R1xd4 {
Reste non note ou illisible} 0-1

[Event "Tarbes"]
[Site "?"]
[Date "2003.??.??"]
[Round "?"]
[White "Hostekind, Laurent"]
[Black "Chassy, Philippe"]
[Result "1-0"]
[WhiteElo "1990"]
[BlackElo "2121"]
[PlyCount "85"]

1.Nf3 Nf6 2.c4 g6 3.b3 Bg7 4.Bb2 O-O 5.g3 d6 6.Bg2 e5 7.d3 c6 8.O-O Re8 9.
Nbd2 Nbd7 10.b4 d5 11.cxd5 Nxd5 12.Qb3 N7b6 13.a3 Bg4 14.Rfe1 Nc7 15.Ne4 
Rb8 16.Rac1 Nbd5 17.Qc4 Bc8 18.Qc5 Ra8 19.Qd6 Bd7 20.Nxe5 Rxe5 21.Bxe5 Nb5
22.Qc5 Bxe5 23.a4 Nbc7 24.e3 Na6 25.Qc4 Ndxb4 26.d4 Be6 27.Qc3 Bg7 28.Rb1 
Nd5 29.Qd2 Rb8 30.Rec1 Bf8 31.Nc3 Nxc3 32.Qxc3 Bd6 33.Rb2 Qe7 34.Rcb1 Bd5 
35.Bxd5 cxd5 36.Rxb7 Qd8 37.Qc6 Rxb7 38.Rxb7 Nb4 39.Qd7 Qf6 40.Rxa7 Kg7 
41.Qe8 Kh6 42.Qxf7 Qh8 43.Qe6 1-0

[Event "Tarbes"]
[Site "?"]
[Date "2003.??.??"]
[Round "?"]
[White "François, Ginaud"]
[Black "Daloz"]
[Result "0-1"]
[WhiteElo "1740"]
[BlackElo "218"]
[PlyCount "56"]

1.c4 c5 2.Nf3 b6 3.d4 cxd4 4.Nxd4 Bb7 5.Nc3 d6 6.e4 Nf6 7.f3 e6 8.Qa4+ 
Nbd7 9.Bg5 a6 10.Rd1 Qc7 11.Be2 Be7 12.O-O O-O 13.Rc1 Rfe8 14.Qc2 Rac8 15.
Qd2 Qb8 16.Rfd1 Ne5 17.b3 Ned7 18.Be3 Bf8 19.Na4 d5 20.cxd5 Rxc1 21.Rxc1 
exd5 22.exd5 Nxd5 23.Bf2 b5 24.Nc6 Qf4 25.Qd1 bxa4 26.Nd4 axb3 27.axb3 
N7f6 28.Rc4 Bd6 0-1

[Event "Tarbes"]
[Site "?"]
[Date "2003.??.??"]
[Round "?"]
[White "De Laubadere, Philippe"]
[Black "Dufeal, Julien"]
[Result "0-1"]
[WhiteElo "1970"]
[BlackElo "2141"]
[PlyCount "78"]

1.d4 d5 2.c4 e6 3.Nc3 Nf6 4.cxd5 exd5 5.Bg5 Be7 6.e3 O-O 7.Bd3 c6 8.Nf3 
Bg4 9.Qc2 h6 10.Bf4 Nbd7 11.Ne5 Be6 12.O-O Nh5 13.Rae1 c5 14.Bh7+ Kh8 15.
Bf5 Nxe5 16.Bxe5 c4 17.Bxe6 fxe6 18.Qg6 Nf6 19.e4 Qe8 20.Qg3 Qf7 21.f4 Bb4
22.Re3 Bxc3 23.bxc3 Nxe4 24.Qh4 Kh7 25.g4 Rac8 26.Rh3 Kg8 27.g5 h5 28.Qxh5
Qxh5 29.Rxh5 Kf7 30.Rh7 Rg8 31.Rf3 b5 32.Rhh3 b4 33.cxb4 c3 34.Rf1 c2 35.
Rc1 Nc3 36.Rxc3 Rxc3 37.Bd6 Rh8 38.b5 Rhh3 39.Bb4 Rc4 0-1

[Event "Tarbes"]
[Site "?"]
[Date "2003.??.??"]
[Round "3"]
[White "Scozzesi, Francois"]
[Black "Kodjabachian, Julien"]
[Result "1/2-1/2"]
[WhiteElo "1820"]
[BlackElo "2045"]
[PlyCount "39"]

1.e4 Nc6 2.d4 d5 3.e5 Bf5 4.c3 e6 5.Bd3 Bxd3 6.Qxd3 h5 7.Ne2 Qd7 8.Bg5 Be7
9.Bxe7 Ncxe7 10.a3 Nf5 11.b4 Nge7 12.Nd2 b6 13.Nb3 Qa4 14.Qd1 Ng6 15.g3 
Ke7 16.Nbc1 Nf8 17.Nd3 Nd7 18.Nb2 Qa6 19.a4 Qb7 20.a5 1/2-1/2

[Event "Tarbes"]
[Site "?"]
[Date "2003.??.??"]
[Round "?"]
[White "Aout, Sebastien"]
[Black "Barsov, Alexei"]
[Result "0-1"]
[WhiteElo "2096"]
[BlackElo "2531"]
[PlyCount "91"]

1.d4 e6 2.g3 c5 3.c3 d5 4.Bg2 Nf6 5.Nf3 Nc6 6.O-O Bd7 7.Ne5 Bd6 8.Bf4 Qc7 
9.Nxd7 Qxd7 10.Bxd6 Qxd6 11.Qd3 cxd4 12.cxd4 Qb4 13.e3 Qxb2 14.Nc3 Qa3 15.
Rab1 Rb8 16.Rb3 Qe7 17.e4 dxe4 18.Nxe4 O-O 19.Nxf6+ Qxf6 20.d5 Rfd8 21.Rb5
a6 22.Rc5 Nb4 23.Qb3 b6 24.Rc7 Nxd5 25.Rc6 Qe5 26.Bxd5 Qxd5 27.Rxb6 Qxb3 
28.Rxb3 Rxb3 29.axb3 g5 30.Rc1 Rd6 31.Rc5 h6 32.Rc8+ Kg7 33.Rb8 Kg6 34.b4 
Kf5 35.b5 axb5 36.Rxb5+ e5 37.Kg2 h5 38.Rb7 f6 39.Rh7 Kg6 40.Re7 Rd5 41.
Kf3 Kf5 42.Re8 h4 43.Kg2 Rd2 44.h3 hxg3 45.Kxg3 Rd3+ 46.Kg2 0-1

[Event "Tarbes"]
[Site "?"]
[Date "2003.??.??"]
[Round "?"]
[White "Tanguy, Fabien"]
[Black "Bodlet, Frederic"]
[Result "1-0"]
[WhiteElo "2083"]
[BlackElo "1950"]
[PlyCount "72"]

1.g3 d5 2.Bg2 e5 3.d4 e4 4.c4 c6 5.cxd5 cxd5 6.Nc3 Na6 7.Qb3 Bb4 8.Bf4 g5 
9.Bd2 Bxc3 10.bxc3 Nc7 11.Nh3 h6 12.O-O Ne7 13.f3 f5 14.fxe4 dxe4 15.Rad1 
b5 16.g4 Be6 17.Qb2 e3 18.Bxa8 Qxa8 19.Bxe3 f4 20.Bc1 O-O 21.Nf2 Ned5 22.
Qc2 Kg7 23.h3 h5 24.Ne4 hxg4 25.hxg4 Bxg4 26.Nxg5 Rh8 27.Qe4 Rh5 28.Nf3 
Bf5 29.Qe5+ Kh7 30.Bxf4 Qg8+ 31.Kf2 Qg4 32.Rh1 Nxf4 33.Qxc7+ Kh6 34.Rxh5+ 
Nxh5 35.Qd6+ Bg6 36.Rg1 Qf4 1-0

[Event "Tarbes"]
[Site "?"]
[Date "2003.??.??"]
[Round "?"]
[White "Rundstrom, Douglas"]
[Black "Cabanna, Daniel"]
[Result "1/2-1/2"]
[WhiteElo "2030"]
[BlackElo "2152"]
[PlyCount "73"]

1.d4 d5 2.c4 c6 3.Nc3 Nf6 4.Nf3 dxc4 5.a4 Bf5 6.e3 e6 7.Bxc4 Bb4 8.Bd2 O-O
9.O-O a5 10.Nh4 Bg6 11.Nxg6 hxg6 12.Qc2 Nbd7 13.Rad1 Qc7 14.Be2 e5 15.Ne4 
exd4 16.Nxf6+ Nxf6 17.Bxb4 axb4 18.Rxd4 Qa5 19.b3 Rfd8 20.Rfd1 Rxd4 21.
Rxd4 Rd8 22.Qd2 Rxd4 23.Qxd4 Nd5 24.Bc4 Nf6 25.h3 b5 26.axb5 cxb5 27.Qe5 
Qd8 28.Qxb5 Qd1+ 29.Kh2 Qd6+ 30.g3 Qe7 31.Qg5 Kf8 32.Qf4 Kg8 33.f3 Qa7 34.
Bf1 Qa2+ 35.Kg1 Qxb3 36.Qb8+ Kh7 37.Qf4 1/2-1/2

[Event "Tarbes"]
[Site "?"]
[Date "2003.??.??"]
[Round "?"]
[White "Martinet"]
[Black "Daloz"]
[Result "1/2-1/2"]
[WhiteElo "2080"]
[BlackElo "2183"]
[PlyCount "57"]

1.d4 Nf6 2.c4 e6 3.Nc3 Bb4 4.a3 Bxc3+ 5.bxc3 d6 6.f3 O-O 7.e4 c5 8.Bd3 Nc6
9.Ne2 e5 10.Be3 b6 11.O-O Ba6 12.Qe1 Rc8 13.Qg3 Nd7 14.f4 f6 15.Qg4 Qe7 
16.Ng3 Rfe8 17.Nf5 Qf8 18.fxe5 cxd4 19.cxd4 Ndxe5 20.Qe2 Nxd3 21.Qxd3 Na5 
22.Rfc1 Bxc4 23.Qd1 Rxe4 24.Bd2 d5 25.Bb4 Qd8 26.Nd6 Rc6 27.Nxe4 dxe4 28.
Bxa5 bxa5 29.Rc3 1/2-1/2

[Event "Tarbes"]
[Site "?"]
[Date "2003.??.??"]
[Round "?"]
[White "Marciano"]
[Black "Aout, Sebastien"]
[Result "1/2-1/2"]
[WhiteElo "2502"]
[BlackElo "2096"]
[PlyCount "58"]

1.e4 c5 2.Nf3 Nc6 3.c3 e5 4.Bc4 Qc7 5.O-O Nf6 6.d4 cxd4 7.cxd4 Nxd4 8.Nxd4
Qxc4 9.Nf5 Qxe4 10.Nd6+ Bxd6 11.Qxd6 Qd4 12.Qa3 d6 13.Nc3 Qc5 14.Qa4+ Bd7 
15.Qh4 Qd4 16.Qxd4 exd4 17.Re1+ Kd8 18.Ne2 Re8 19.Bg5 d3 20.Nf4 Rxe1+ 21.
Rxe1 d2 22.Rd1 Rc8 23.Ne2 Rc2 24.Rxd2 Rxd2 25.Bxd2 Be6 26.a3 a6 27.f3 Nd5 
28.Kf2 Ke7 29.Nf4 Nxf4 1/2-1/2

[Event "Tarbes"]
[Site "?"]
[Date "2003.??.??"]
[Round "?"]
[White "Lemoine"]
[Black "François, Ginaud"]
[Result "0-1"]
[WhiteElo "2138"]
[BlackElo "1740"]
[PlyCount "34"]

1.e4 d6 2.d4 Nf6 3.Nc3 g6 4.Be3 Bg7 5.Qd2 O-O 6.O-O-O Nc6 7.Bh6 e5 8.Nge2 
Bxh6 9.Qxh6 Ng4 10.Qd2 Nxf2 11.Rg1 Nxd1 12.Kxd1 f5 13.h4 fxe4 14.h5 Bg4 
15.hxg6 Qh4 16.g3 Qh5 17.Kc1 Qxg6 0-1

[Event "Tarbes"]
[Site "?"]
[Date "2003.??.??"]
[Round "?"]
[White "Lecoq"]
[Black "Scozzesi, Francois"]
[Result "1-0"]
[WhiteElo "2040"]
[BlackElo "1820"]
[PlyCount "63"]

1.e4 e6 2.d4 d5 3.Nc3 Bb4 4.exd5 exd5 5.Bd3 Qf6 6.a3 Bxc3+ 7.bxc3 Bf5 8.
Nf3 Bxd3 9.Qxd3 Ne7 10.O-O O-O 11.Bg5 Qd6 12.Rfe1 f6 13.Bh4 Nbc6 14.Bg3 
Qd7 15.Rab1 b6 16.c4 dxc4 17.Qxc4+ Kh8 18.Re2 Rac8 19.Qe6 Qxe6 20.Rxe6 
Rcd8 21.Rbe1 Rd7 22.c4 Rf7 23.d5 Nd8 24.R6e2 Ng8 25.a4 Nb7 26.Nd4 a5 27.
Re8 Rfe7 28.R1xe7 Rxe7 29.Rxe7 Nxe7 30.Bxc7 Nc5 31.Bxb6 Nxa4 32.d6 1-0

[Event "Tarbes"]
[Site "?"]
[Date "2003.??.??"]
[Round "?"]
[White "Janotta"]
[Black "Pastorelli, Loic"]
[Result "1-0"]
[WhiteElo "2134"]
[BlackElo "1780"]
[PlyCount "67"]

1.e4 c5 2.Nf3 Nc6 3.d4 cxd4 4.Nxd4 e5 5.Nb5 d6 6.c4 Be7 7.N1c3 a6 8.Na3 
Be6 9.Be2 Bg5 10.O-O Bxc1 11.Rxc1 Nge7 12.Nc2 O-O 13.Nd5 Rb8 14.Qd2 f5 15.
Nxe7+ Nxe7 16.exf5 Bxf5 17.Ne3 Be6 18.Rfd1 Nc8 19.Nd5 Qh4 20.g3 Qh3 21.Bf1
Qh5 22.c5 dxc5 23.Rxc5 Na7 24.Nf4 Rxf4 25.gxf4 Qg4+ 26.Kh1 Nc6 27.Be2 Qh3 
28.Qe3 Qxe3 29.fxe3 exf4 30.exf4 Bxa2 31.Bf3 Ne7 32.Rc7 Nf5 33.Bxb7 Ne3 
34.Rdd7 1-0

[Event "Tarbes"]
[Site "?"]
[Date "2003.??.??"]
[Round "?"]
[White "Garrel, Alain"]
[Black "Hostekind, Laurent"]
[Result "1/2-1/2"]
[WhiteElo "2153"]
[BlackElo "1990"]
[PlyCount "54"]

1.d4 Nf6 2.Nf3 d5 3.c4 e6 4.g3 c6 5.Qc2 Bd6 6.Bg2 O-O 7.O-O Nbd7 8.b3 e5 
9.dxe5 Nxe5 10.Bb2 Nxf3+ 11.Bxf3 dxc4 12.bxc4 Re8 13.Rd1 Qe7 14.Nd2 Be5 
15.Rab1 Rb8 16.Qa4 Bxb2 17.Rxb2 Bg4 18.Qxa7 Bxf3 19.Nxf3 Ra8 20.Qxb7 Qxb7 
21.Rxb7 Rxe2 22.Nd4 Rexa2 23.Nxc6 h5 24.Ne5 Rc2 25.Nd7 Ng4 26.Rb8+ Rxb8 
27.Nxb8 Nxf2 1/2-1/2

[Event "2e Open Condom"]
[Site "?"]
[Date "2003.??.??"]
[Round "3.3"]
[White "Agamaliev, Gamil"]
[Black "Roser, Kevin"]
[Result "1-0"]
[WhiteElo "2518"]
[BlackElo "2324"]
[EventDate "2003.??.??"]
[PlyCount "35"]

1.d4 Nf6 2.Nc3 e6 3.e4 d5 4.Bg5 dxe4 5.Nxe4 Be7 6.Bxf6 Bxf6 7.Nf3 O-O 8.
Qd2 b6 9.O-O-O Bb7 10.Bd3 Nd7 11.h4 Be7 12.Rh3 Nf6 13.Neg5 c5 14.Rg3 Bxf3 
15.Nxf3 Kh8 16.Ne5 Qc7 17.Qf4 Nh5 18.Ng6+ 1-0